La destrucción de Ben Suc: crónica de la guerra en Vietnam
Uloženo v:
| Hlavní autor: | |
|---|---|
| Médium: | Kniha |
| Jazyk: | španělština |
| Vydáno: |
Barcelona
Ariel
1968
|
| Témata: | |
| Tagy: |
Přidat tag
Žádné tagy, Buďte první, kdo vytvoří štítek k tomuto záznamu!
|
MARC
| LEADER | 00000nam a2200000 a 4500 | ||
|---|---|---|---|
| 001 | UCO3977 | ||
| 003 | CL-VaPUC | ||
| 008 | 000728e19680000SP |||||||||||||||||spa|d | ||
| 082 | 0 | 4 | |a 959.7043 |b SCH |2 21 |
| 100 | 0 | |a Schell, Jonathan |e author |9 448029 | |
| 245 | 1 | 3 | |a La destrucción de Ben Suc: crónica de la guerra en Vietnam |
| 300 | |a 167 p | ||
| 942 | |c BK | ||
| 945 | |d 20000728 00:00:00 |a crobeson | ||
| 260 | |a Barcelona |b Ariel |c 1968 | ||
| 650 | 0 | |a Historia de Vietnam |9 445198 | |
| 650 | 0 | |a Guerra de Vietnam |y 1961-1975 |9 330754 | |
| 651 | 7 | |a VIETNAM |2 CL-VaPUC |9 313552 | |
| 583 | |a last modification |c 20000728 00:00:00 |k Rodrigo Vera | ||
| 999 | |c 290068 |d 290066 | ||
| 952 | |0 0 |1 0 |4 0 |6 959_704300000000000_SCH_1968 |7 0 |8 A |9 339264 |a BIBHIS |b BIBHIS |d 2019-11-20 |i 120257K |o 959.7043 SCH 1968 |p 120257K |r 2025-01-20 |w 2019-11-20 |y BK |k HIS | ||